Paper & fabric mache : 100 imaginative & ingenious projects to make
| Main Author: | |
|---|---|
| Format: | Book |
| Published: |
New York :
Sterling Publishing ,
1995
|
| Subjects: |
MARC
| LEADER | 00000cam a2200000 7i4500 | ||
|---|---|---|---|
| 001 | 0000007652 | ||
| 005 | 20111014.0 | ||
| 020 | |a 080690609X | ||
| 090 | 0 | 0 | |a 745.542 |b CUS |
| 100 | 1 | |a Cusick, Dawn | |
| 245 | 1 | 0 | |a Paper & fabric mache : |b 100 imaginative & ingenious projects to make |c Dawn Cusick |
| 260 | |a New York : |b Sterling Publishing , |c 1995 | ||
| 300 | |a 128 p. ; |c 26 cm. | ||
| 650 | 0 | 0 | |a Papier mache |
| 999 | |a 051973 |b BUKU |c PINJAMAN |e PERPUSTAKAAN KOMUNITI PETALING JAYA | ||